[Event "SVK-chT2B 2223"]
[Site "Slovakia"]
[Date "2022.11.12"]
[Round "3.8"]
[White "Sosovicka, Marian"]
[Black "Bona, Juraj"]
[Result "1/2-1/2"]
[WhiteElo "1447"]
[BlackElo "1862"]
[PlyCount "46"]
[EventDate "2022.10.08"]
[EventType "team-tourn"]
[EventRounds "11"]
[EventCountry "SVK"]
[SourceTitle "EXT 2024"]
[Source "ChessBase"]
[SourceDate "2023.10.10"]
[SourceVersion "1"]
[SourceVersionDate "2023.10.10"]
[SourceQuality "1"]
[WhiteTeam "Dubnica nad Vahom III"]
[BlackTeam "Batorove Kosihy"]
[WhiteTeamCountry "SVK"]
[BlackTeamCountry "SVK"]

1. d4 f5 2. Nf3 Nf6 3. e3 e6 4. c4 Be7 5. Nc3 0-0 6. Be2 b6 7. 0-0 Bb7 8. b3 c5 9. d5 Ne4 10. Bb2 Bf6 11. Rc1 Bxc3 12. Bxc3 Nxc3 13. Rxc3 Qf6 14. Rc2 e5 15. h3 d6 16. Nh2 Nd7 17. Kh1 Rae8 18. g4 Qh4 19. Kg2 e4 20. Qe1 f4 21. exf4 Rxf4 22. Rc3 Ref8 23. f3 Qf6 1/2-1/2

[Event "SVK-chT3B2 2122"]
[Site "Slovakia"]
[Date "2022.05.22"]
[Round "11.7"]
[White "Bajza, Pavol"]
[Black "Sosovicka, Marian"]
[Result "1-0"]
[WhiteElo "1384"]
[BlackElo "1469"]
[PlyCount "135"]
[EventDate "2021.10.24"]
[EventType "team-tourn"]
[EventRounds "11"]
[EventCountry "SVK"]
[SourceTitle "EXT 2024"]
[Source "ChessBase"]
[SourceDate "2023.10.10"]
[SourceVersion "1"]
[SourceVersionDate "2023.10.10"]
[SourceQuality "1"]
[WhiteTeam "Belusa II"]
[BlackTeam "Dubnica nad Vahom IV"]
[WhiteTeamCountry "SVK"]
[BlackTeamCountry "SVK"]

1. d4 d5 2. Bf4 Nf6 3. c4 c6 4. e3 e6 5. Nf3 Nbd7 6. Nbd2 Be7 7. Bd3 dxc4 8. Nxc4 b5 9. Nd6+ Bxd6 10. Bxd6 Nb6 11. Be5 h6 12. Qc2 Bb7 13. Bxf6 Qxf6 14. Be4 Rc8 15. Ne5 Nd5 16. Qc5 a6 17. Rc1 Qe7 18. Bxd5 Qxc5 19. Rxc5 cxd5 20. b4 0-0 21. 0-0 Rfd8 22. Rfc1 f6 23. Nc6 Re8 24. Ne7+ Rxe7 25. Rxc8+ Bxc8 26. Rxc8+ Kf7 27. Rc6 Ra7 28. g3 a5 29. Rb6 axb4 30. Rxb5 Ra4 31. h4 Kg6 32. Kg2 Kf5 33. Kf3 e5 34. g4+ Kg6 35. Rxd5 e4+ 36. Kxe4 Rxa2 37. f3 b3 38. Rb5 b2 39. Rb7 h5 40. Kd3 Ra3+ 41. Kd2 Ra2 42. Kc2 Ra3 43. Re7 hxg4 44. fxg4 Ra2 45. Kb1 Ra1+ 46. Kxb2 Rg1 47. Re4 Rh1 48. h5+ Kg5 49. Kc2 Rg1 50. d5 Ra1 51. Rc4 Ra8 52. d6 Rd8 53. Rd4 Rd7 54. Kc3 f5 55. gxf5 Kxf5 56. Kc4 g5 57. Rd5+ Kf6 58. Kc5 g4 59. h6 g3 60. h7 Kg7 61. Rg5+ Kxh7 62. Rxg3 Rf7 63. Kc6 Rf1 64. Kc7 Rc1+ 65. Kd8 Rc5 66. d7 Rc4 67. Ke7 Re4+ 68. Kd6 1-0

[Event "SVK-chT3B2 1819"]
[Site "Slovakia"]
[Date "2019.03.10"]
[Round "9.6"]
[White "Svancarek, Lubos"]
[Black "Sosovicka, Marian"]
[Result "1-0"]
[WhiteElo "1589"]
[BlackElo "1505"]
[PlyCount "79"]
[EventDate "2018.10.21"]
[EventType "team-tourn"]
[EventRounds "11"]
[EventCountry "SVK"]
[SourceTitle "CBM 189 Extra"]
[Source "ChessBase"]
[SourceDate "2019.06.03"]
[SourceVersion "1"]
[SourceVersionDate "2019.06.03"]
[SourceQuality "1"]
[WhiteTeam "Nemsova Horne Srnie"]
[BlackTeam "Dubnica nad Vahom IV"]
[WhiteTeamCountry "SVK"]
[BlackTeamCountry "SVK"]

1. c3 d5 2. d4 e6 3. b4 b6 4. g3 Nf6 5. Bg5 Nbd7 6. Bg2 h6 7. Bc1 c5 8. b5 c4 9. f3 a6 10. bxa6 Bxa6 11. e4 Be7 12. e5 Nh7 13. Ne2 0-0 14. 0-0 b5 15. f4 Bb7 16. f5 exf5 17. Rxf5 Nb6 18. Rf2 Ng5 19. Nd2 b4 20. Qc2 b3 21. Qb1 bxa2 22. Rxa2 f6 23. Nf4 Rxa2 24. Qxa2 Qd7 25. Qb1 Qc6 26. Ng6 Re8 27. h4 Nf7 28. Nxe7+ Rxe7 29. Ba3 Re8 30. exf6 Nh8 31. Qf1 Qe6 32. fxg7 Kxg7 33. Kh2 Nd7 34. Bh3 Qc6 35. Bxd7 Qxd7 36. Bf8+ Kg8 37. Bxh6 Ng6 38. h5 Qh7 39. Rf6 Qxh6 40. Rxg6+ 1-0

[Event "SVK-chT3B2 1819"]
[Site "Slovakia"]
[Date "2019.01.27"]
[Round "6.7"]
[White "Mazur, Mario"]
[Black "Sosovicka, Marian"]
[Result "1-0"]
[WhiteElo "1518"]
[BlackElo "1505"]
[PlyCount "95"]
[EventDate "2018.10.21"]
[EventType "team-tourn"]
[EventRounds "11"]
[EventCountry "SVK"]
[SourceTitle "CBM 189 Extra"]
[Source "ChessBase"]
[SourceDate "2019.06.03"]
[SourceVersion "1"]
[SourceVersionDate "2019.06.03"]
[SourceQuality "1"]
[WhiteTeam "Belusa"]
[BlackTeam "Dubnica nad Vahom IV"]
[WhiteTeamCountry "SVK"]
[BlackTeamCountry "SVK"]

1. d4 d5 2. c4 dxc4 3. Bf4 e6 4. e3 c5 5. Qa4+ Nc6 6. dxc5 Bxc5 7. Qxc4 Bb4+ 8. Nc3 Qa5 9. a3 Bxc3+ 10. Qxc3 Qxc3+ 11. bxc3 Nge7 12. Nf3 Nd5 13. c4 Nxf4 14. exf4 b6 15. c5 0-0 16. cxb6 axb6 17. Be2 Ba6 18. Bxa6 Rxa6 19. 0-0 Rfa8 20. Rab1 Rb8 21. Rb3 Na5 22. Rc3 b5 23. Rb1 Kf8 24. Ne5 Rd6 25. Rc7 f6 26. Nd7+ Rxd7 27. Rxd7 Nc4 28. a4 b4 29. Rd4 Rc8 30. Rc1 Ra8 31. Rdxc4 Rxa4 32. g3 Kf7 33. Rb1 Kg6 34. Rcxb4 Ra6 35. Rb6 Rxb6 36. Rxb6 Kf5 37. Kg2 h5 38. Kf3 g5 39. Rb5+ Kg6 40. fxg5 fxg5 41. Ke4 Kf6 42. h3 Kg6 43. Ke5 h4 44. g4 Kf7 45. Rb7+ Kg6 46. Kxe6 Kh6 47. Ke5 Kg6 48. Rb6+ 1-0

[Event "SVK-chT3B2 1819"]
[Site "Slovakia"]
[Date "2018.12.09"]
[Round "4.6"]
[White "Sosovicka, Marian"]
[Black "Hablak, Jan"]
[Result "1-0"]
[WhiteElo "1505"]
[BlackElo "1437"]
[PlyCount "55"]
[EventDate "2018.10.21"]
[EventType "team-tourn"]
[EventRounds "11"]
[EventCountry "SVK"]
[SourceTitle "CBM 189 Extra"]
[Source "ChessBase"]
[SourceDate "2019.06.03"]
[SourceVersion "1"]
[SourceVersionDate "2019.06.03"]
[SourceQuality "1"]
[WhiteTeam "Dubnica nad Vahom IV"]
[BlackTeam "Trencin "]
[WhiteTeamCountry "SVK"]
[BlackTeamCountry "SVK"]

1. e4 e6 2. d4 d5 3. exd5 exd5 4. Nf3 Nf6 5. Bd3 Be7 6. 0-0 Bg4 7. Nbd2 0-0 8. b3 Nc6 9. h3 Bh5 10. c3 Qd7 11. Qc2 Bg6 12. Re1 Bxd3 13. Qxd3 Rae8 14. Nf1 Bd6 15. Bg5 Re6 16. Rxe6 fxe6 17. Re1 Ne4 18. Bh4 Ne7 19. Bxe7 Qxe7 20. N1d2 Nxd2 21. Nxd2 Bf4 22. Nf3 Rf6 23. g3 Bd6 24. Ng5 Rg6 25. h4 Qe8 26. Qe3 h6 27. Nxe6 Kf7 28. Ng5+ 1-0

[Event "SVK-chT3B2 1718"]
[Site "Slovakia"]
[Date "2018.01.21"]
[Round "8.6"]
[White "Sosovicka, Marian"]
[Black "Hoppan, Igor"]
[Result "1/2-1/2"]
[WhiteElo "1467"]
[BlackElo "1567"]
[PlyCount "53"]
[EventDate "2017.10.08"]
[EventType "team-tourn"]
[EventRounds "11"]
[EventCountry "SVK"]
[SourceTitle "EXT 2019"]
[Source "ChessBase"]
[SourceDate "2018.10.10"]
[SourceVersion "1"]
[SourceVersionDate "2018.10.10"]
[SourceQuality "1"]
[WhiteTeam "Dubnica nad Vahom IV"]
[BlackTeam "Prievidza II"]
[WhiteTeamCountry "SVK"]
[BlackTeamCountry "SVK"]

1. d4 Nf6 2. Nf3 d5 3. Bf4 e6 4. e3 Be7 5. c4 c5 6. Nc3 0-0 7. Be2 b6 8. 0-0 Bb7 9. dxc5 Bxc5 10. a3 Nc6 11. b4 Bd6 12. Bg5 Be5 13. Rc1 h6 14. Nxe5 hxg5 15. Nxc6 Bxc6 16. Bf3 Qd6 17. cxd5 exd5 18. Rc2 Rad8 19. Rd2 Qe5 20. Rd4 Rd6 21. h3 Rfd8 22. Qd3 g6 23. Rd1 Kg7 24. Nb5 R6d7 25. Nc3 Kh6 26. Rc1 Bb7 27. Rd1 1/2-1/2

[Event "SVK-chT3B2 1617"]
[Site "Slovakia"]
[Date "2017.04.02"]
[Round "11.5"]
[White "Sosovicka, Marian"]
[Black "Hamara, Roman"]
[Result "1-0"]
[WhiteElo "1423"]
[BlackElo "1677"]
[PlyCount "63"]
[EventDate "2016.10.16"]
[EventType "team-tourn"]
[EventRounds "11"]
[EventCountry "SVK"]
[SourceTitle "EXT 2020"]
[Source "ChessBase"]
[SourceDate "2019.10.17"]
[SourceVersion "1"]
[SourceVersionDate "2019.10.17"]
[SourceQuality "1"]
[WhiteTeam "Dubnica nad Vahom IV"]
[BlackTeam "Bojnice"]
[WhiteTeamCountry "SVK"]
[BlackTeamCountry "SVK"]

1. e4 Nf6 2. Nc3 e5 3. Nf3 d6 4. Be2 Bg4 5. h3 Bh5 6. d3 Be7 7. 0-0 Nbd7 8. Nh4 Bxe2 9. Qxe2 g6 10. Nf3 c6 11. a3 a5 12. Be3 d5 13. exd5 cxd5 14. d4 e4 15. Nd2 0-0 16. f3 Re8 17. fxe4 dxe4 18. Ndxe4 Nxe4 19. Nxe4 f5 20. Nd2 Rc8 21. Qb5 Bf6 22. Rfe1 Rxc2 23. Qb3+ Kg7 24. Qxc2 Nb6 25. Nf3 Nd5 26. Qd2 Re4 27. Rad1 Qd6 28. Bh6+ Kg8 29. Rxe4 fxe4 30. Ne5 Qe6 31. Qxa5 Qc8 32. Qxd5+ 1-0

[Event "SVK-chT3B2 1617"]
[Site "Slovakia"]
[Date "2017.03.19"]
[Round "10.5"]
[White "Adamik, Jan"]
[Black "Sosovicka, Marian"]
[Result "1-0"]
[WhiteElo "1730"]
[BlackElo "1423"]
[PlyCount "103"]
[EventDate "2016.10.16"]
[EventType "team-tourn"]
[EventRounds "11"]
[EventCountry "SVK"]
[SourceTitle "EXT 2020"]
[Source "ChessBase"]
[SourceDate "2019.10.17"]
[SourceVersion "1"]
[SourceVersionDate "2019.10.17"]
[SourceQuality "1"]
[WhiteTeam "Lehota pod Vtacnikom"]
[BlackTeam "Dubnica nad Vahom IV"]
[WhiteTeamCountry "SVK"]
[BlackTeamCountry "SVK"]

1. e4 e5 2. Nf3 Nc6 3. Bb5 d6 4. c3 Bd7 5. 0-0 Nf6 6. d4 a6 7. Ba4 b5 8. Bc2 Be7 9. Bg5 h6 10. Bh4 0-0 11. d5 Na5 12. Nbd2 c6 13. Bxf6 Bxf6 14. Nb3 Nc4 15. Nfd2 Nxb2 16. Qh5 Na4 17. c4 c5 18. Bd1 Nb6 19. Be2 bxc4 20. Nxc4 Nxc4 21. Bxc4 Bb5 22. Qe2 Qd7 23. Rab1 Rfb8 24. Na5 Bd8 25. Nc6 Bxc4 26. Qxc4 Rxb1 27. Rxb1 a5 28. a4 f5 29. f3 Bc7 30. exf5 Rf8 31. g4 Qf7 32. Rb7 Rc8 33. Nxa5 Qf6 34. Nc6 Qg5 35. Qe2 Bd8 36. a5 Qc1+ 37. Kg2 Ra8 38. a6 Qa3 39. a7 Qa4 40. Nxd8 Rxa7 41. Rb8 Ra8 42. Qb2 Kh7 43. Ne6 Qa7 44. Rb7 Qa2 45. Rxg7+ Kh8 46. Qxa2 Rxa2+ 47. Kg3 c4 48. f6 c3 49. Rc7 h5 50. gxh5 e4 51. f7 Kh7 52. f8Q# 1-0

[Event "SVK-chT3B2 1516"]
[Site "Slovakia"]
[Date "2016.04.03"]
[Round "11.8"]
[White "Sosovicka, Marian"]
[Black "Hoppan, Igor1111"]
[Result "1-0"]
[WhiteElo "1521"]
[BlackElo "1471"]
[PlyCount "103"]
[EventDate "2015.10.11"]
[EventType "team-tourn"]
[EventRounds "11"]
[EventCountry "SVK"]
[SourceTitle "EXT 2018"]
[Source "ChessBase"]
[SourceDate "2017.10.13"]
[SourceVersion "1"]
[SourceVersionDate "2017.10.13"]
[SourceQuality "1"]
[WhiteTeam "Dubnica nad Vahom IV"]
[BlackTeam "Prievidza II"]
[WhiteTeamCountry "SVK"]
[BlackTeamCountry "SVK"]

1. e4 e5 2. Nf3 Nc6 3. d4 exd4 4. Nxd4 Nxd4 5. Qxd4 d6 6. Bc4 Nf6 7. 0-0 Be7 8. Bg5 0-0 9. Nc3 Re8 10. Rae1 Ng4 11. Bxe7 Rxe7 12. f4 Be6 13. Nd5 Re8 14. h3 c6 15. hxg4 cxd5 16. Bxd5 Bxd5 17. Qxd5 Qb6+ 18. Kh2 Qxb2 19. Rb1 Qxc2 20. Rxb7 Rf8 21. Rxf7 Rxf7 22. Qxa8+ Rf8 23. Qd5+ Kh8 24. Qxd6 Qc8 25. Rc1 Qb8 26. Qxb8 Rxb8 27. e5 Kg8 28. e6 Kf8 29. Rc7 a6 30. Rf7+ Kg8 31. Ra7 Kf8 32. Rxa6 Ke7 33. g5 Rb5 34. g4 Rd5 35. Kg3 Rd3+ 36. Kf2 Rd2+ 37. Ke3 Rg2 38. Kf3 Rc2 39. f5 Rc3+ 40. Kf4 Rc4+ 41. Kg3 Rc3+ 42. Kh4 Rc1 43. Ra7+ Kf8 44. g6 hxg6 45. fxg6 Rc6 46. Rf7+ Ke8 47. Rxg7 Rxe6 48. Kh5 Ra6 49. Rb7 Kf8 50. Kh6 Rf6 51. Kh7 Rf7+ 52. Rxf7+ 1-0

[Event "SVK-chT3B2 1516"]
[Site "Slovakia"]
[Date "2016.02.21"]
[Round "8.8"]
[White "Hrebicik, David"]
[Black "Sosovicka, Marian"]
[Result "1-0"]
[WhiteElo "1660"]
[BlackElo "1576"]
[PlyCount "85"]
[EventDate "2015.10.11"]
[EventType "team-tourn"]
[EventRounds "11"]
[EventCountry "SVK"]
[SourceTitle "EXT 2017"]
[Source "ChessBase"]
[SourceDate "2016.10.25"]
[SourceVersion "1"]
[SourceVersionDate "2016.10.25"]
[SourceQuality "1"]
[WhiteTeam "Povazske Podhradie"]
[BlackTeam "Dubnica nad Vahom IV"]
[WhiteTeamCountry "SVK"]
[BlackTeamCountry "SVK"]

1. d4 d5 2. c4 e6 3. Nc3 Nf6 4. Bg5 h6 5. Bh4 Be7 6. e3 0-0 7. Nf3 b6 8. cxd5 Nxd5 9. Nxd5 Bxh4 10. Nc3 Be7 11. Bd3 Bb7 12. Be4 Bxe4 13. Nxe4 Nd7 14. 0-0 Nf6 15. Qc2 Rc8 16. Rac1 c5 17. Qb1 Qd5 18. Nc3 Qb7 19. Rfd1 cxd4 20. Nxd4 Rfd8 21. Qc2 Nd5 22. Qe4 Bb4 23. Ndb5 a6 24. Nxd5 Rxc1 25. Rxc1 Rxd5 26. Nd4 Bc5 27. Qf3 Bxd4 28. exd4 Qd7 29. h3 a5 30. Qd3 Rxd4 31. Rc8+ Qxc8 32. Qxd4 Qc5 33. Qd8+ Kh7 34. Qd3+ g6 35. Qd7 Kg7 36. Qd2 g5 37. b3 Kg6 38. Qe2 Qd6 39. g4 f6 40. Qc4 h5 41. Qc8 hxg4 42. Qc2+ Kh5 43. Qh7# 1-0

[Event "SVK-chT3B2 1516"]
[Site "Slovakia"]
[Date "2015.12.13"]
[Round "4.8"]
[White "Lukac, Jozef"]
[Black "Sosovicka, Marian"]
[Result "1/2-1/2"]
[WhiteElo "1618"]
[BlackElo "1576"]
[PlyCount "80"]
[EventDate "2015.10.11"]
[EventType "team-tourn"]
[EventRounds "11"]
[EventCountry "SVK"]
[SourceTitle "CBM 170 Extra"]
[Source "ChessBase"]
[SourceDate "2016.02.25"]
[SourceVersion "1"]
[SourceVersionDate "2016.02.25"]
[SourceQuality "1"]
[WhiteTeam "Lehota pod Vtacnikom"]
[BlackTeam "Dubnica nad Vahom IV"]
[WhiteTeamCountry "SVK"]
[BlackTeamCountry "SVK"]

1. e4 e5 2. Nf3 Nc6 3. Bc4 Bc5 4. 0-0 Nf6 5. d3 h6 6. c3 d6 7. h3 0-0 8. Re1 Re8 9. a4 a6 10. b4 Ba7 11. b5 axb5 12. axb5 Bxf2+ 13. Kxf2 Rxa1 14. Bb2 Rxb1 15. Qxb1 Nb8 16. d4 c6 17. bxc6 bxc6 18. Bc1 Ba6 19. Bd3 Bxd3 20. Qxd3 exd4 21. cxd4 Nbd7 22. Bf4 Re6 23. g4 Qe7 24. Nd2 Nd5 25. Bg3 Qf6+ 26. Kg2 Nf4+ 27. Bxf4 Qxf4 28. Qe3 Qxe3 29. Rxe3 d5 30. Kf3 dxe4+ 31. Rxe4 Rxe4 32. Kxe4 Kf8 33. Nf3 Ke7 34. Nh2 g6 35. Nf3 Ke6 36. Nd2 Nf6+ 37. Kd3 Kd5 38. Ke3 Nh7 39. Nf3 Nf6 40. Ne5 h5 1/2-1/2

[Event "SVK-chT3B2 1516"]
[Site "Slovakia"]
[Date "2015.11.15"]
[Round "2.7"]
[White "Sosovicka, Marian"]
[Black "Labak, Tomas"]
[Result "0-1"]
[WhiteElo "1576"]
[BlackElo "1000"]
[PlyCount "98"]
[EventDate "2015.10.11"]
[EventType "team-tourn"]
[EventRounds "11"]
[EventCountry "SVK"]
[SourceTitle "CBM 170 Extra"]
[Source "ChessBase"]
[SourceDate "2016.02.25"]
[SourceVersion "1"]
[SourceVersionDate "2016.02.25"]
[SourceQuality "1"]
[WhiteTeam "Dubnica nad Vahom IV"]
[BlackTeam "Myjava Spartak"]
[WhiteTeamCountry "SVK"]
[BlackTeamCountry "SVK"]

1. d4 d5 2. c4 c6 3. Nf3 h6 4. Nc3 Nf6 5. g3 b6 6. Qa4 Bd7 7. Ne5 Qc7 8. Bg2 e6 9. Bf4 Bd6 10. 0-0 0-0 11. Rfe1 Nh5 12. Nxd7 Nxd7 13. Bxd6 Qxd6 14. Rad1 f5 15. f3 Ndf6 16. e4 dxe4 17. fxe4 fxe4 18. Nxe4 Nxe4 19. Bxe4 Nxg3 20. Qxc6 Qf4 21. Qxe6+ Kh8 22. hxg3 Qxg3+ 23. Bg2 Rf2 24. Re2 Raf8 25. Rxf2 Rxf2 26. Qe8+ Kh7 27. Qe4+ Kg8 28. Rf1 Rxb2 29. Qd5+ Kh7 30. Qf5+ Qg6 31. Qxg6+ Kxg6 32. Rf2 Rb1+ 33. Kh2 Kg5 34. Kg3 Rd1 35. Be4 g6 36. Rf4 h5 37. d5 Rd4 38. Kf3 Rxc4 39. d6 Rc3+ 40. Bd3 Rxd3+ 41. Ke4 Rxd6 42. Rf7 a5 43. a4 Rd1 44. Rb7 Ra1 45. Rxb6 Rxa4+ 46. Kd5 h4 47. Kc5 h3 48. Rb1 Kh4 49. Kb5 Rb4+ 0-1